000 00573nam a2200217 a 4500
001 0001-2036
003 ELIB.Books
008 190705 2010 eng
020 _aKBTS
092 _a959.105
_bSte
100 _aSteinberg, David I.
245 _aThe Future of Burma:
_bCrisis and Choice in Myanmar
260 _aMaryland
_bUniversity of Press
_c1990
300 _a100
_c20.5 Cm
650 _aHistory
856 _nKBTS Library
_uKBTS Elib
942 _2ddc
_cBK
990 _a1
998 _aEnglishbooks.elf
_ccat
_e2019-07-05
999 _c12036
_d12036